|
|
|
|
| LEADER |
00688nab a2200181 i 4500 |
| 001 |
misc7947 |
| 005 |
20191106144016.0 |
| 008 |
170607s1904 hu o 0|| hun d |
| 022 |
|
|
|a 0025-0260
|
| 040 |
|
|
|a SZTE Miscellanea Repozitórium
|b hun
|
| 041 |
|
|
|a hun
|
| 100 |
1 |
|
|a Putnoky Miklós
|
| 245 |
1 |
0 |
|a Tanügyi különlegességek Romániában
|h [elektronikus dokumentum] /
|c Putnoky Miklós
|
| 260 |
|
|
|c 1904
|
| 300 |
|
|
|a 107-114
|
| 490 |
0 |
|
|a Magyar pedagógia : a Magyar Tudományos Akadémia Pedagógiai Bizottságának folyóirata
|v 13
|
| 695 |
|
|
|a Oktatásügy Románia 20. sz., Románia oktatásügye
|
| 856 |
4 |
0 |
|u http://misc.bibl.u-szeged.hu/7947/1/mp_1904_0932_107-114.pdf
|z Dokumentum-elérés
|